Australian Wildlife- Sudden Death - Statistics

General Stats
  • This quiz has been taken 245 times
  • The average score is 10 of 17
Answers on the Grid
Answers color-coded by a green-red scale on the quiz's grid according to % correct below.
Koala
Crocodile
Dingo
Kangaroo
Wallaby
Emu
Cassowary
Ostrich
Tiger
Tasmanian Devil
Aye-Aye
Ring-Tailed Lemur
Hyena
Baboon
Camel
Echidna
Quokka
Peacock
Huntsman Spider
Death Adder
Kookaburra
Possum
Bandicoot
Radiated Tortoise
Hissing Cockroach
Poison Dart Frog
Impala
Wildebeest
Box Jellyfish
Thorny Devil
 
Answer Stats
Answer % Correct
Kangaroo
69%
Tasmanian Devil
69%
Koala
68%
Dingo
67%
Emu
66%
Wallaby
65%
Cassowary
62%
Kookaburra
62%
Echidna
60%
Quokka
57%
Box Jellyfish
55%
Crocodile
55%
Bandicoot
51%
Huntsman Spider
51%
Thorny Devil
44%
Possum
41%
Death Adder
31%
No matching quizzes found
Score Distribution
Percent of People with Each Score
Percentile by Number Answered
Your Score History
You have not taken this quiz